000 00982nas a2200289 4500
001 BR0807935
003 BR-BrBNA
005 20231205112753.0
007 ta
008 230509b bl.|||p| |||| 00| 00por d
040 _aBR-BrBNA
_bpor
_cBiblioteca Nacional de Agricultura
041 _a(Pt)
072 _aL70; L50
100 1 _aMorales, A.
100 1 _aSouza, J.L.L.M.S.B. de
100 1 _aSantos, J.M. dos
100 1 _aFigueiredo, F.
100 1 _aValeri, V.
245 1 _aComparação entre enxertos autógenos livres e pediculados de conjuntiva no reparo de ceractomias superficiais. Estudo experimental no cão (Canis familiaris - Linnaeus, 1758)
650 _aCÃO
650 _aDOENÇA ANIMAL
650 _aBIOLOGIA ANIMAL
650 _aENXERTO
773 0 _tBrazilian Journal of Veterinary Research and Animal Science (Brazil)
_xISSN 1413-9596
_g(1996), v. 33(1) p. 28-30
_wBR0807935
909 _a202311
_bLúcia
_c55
_dLúcia Elande
942 _2AGRIS
_n0
_cANA
999 _c199883
_d199883